| 000 | 00714nam a2200205 a 4500 | ||
|---|---|---|---|
| 005 | 20230524064157.0 | ||
| 008 | 991125s1943 ag 000 0 spa u | ||
| 035 | _aUPN01000031414 | ||
| 049 | _aCG | ||
| 050 | 4 |
_aLB775 D44 _bI5.48 1943 |
|
| 100 | 1 |
_aDecroly, Ovide, _d1871-1932 |
|
| 245 | 1 | 0 |
_aIniciación general al método Decroly y ensayo de aplicación a la escuela primaria / _cDecroly y G. Boon ; tr. Ma. La. Navarro de Luzuriaga. |
| 250 | _a2a ed. | ||
| 260 |
_aBuenos Aires : _bLosada, _c1943. |
||
| 300 | _a157 p. | ||
| 440 | 0 |
_aPublicaciones de la revista de pedagogía. _pLa escuela activa |
|
| 650 | 4 |
_aMétodo de educación de Decroly _912937 |
|
| 700 | 1 |
_aBoon, Gerardo, _ecoaut. |
|
| 905 | _aLibro | ||
| 999 |
_c31414 _d31414 |
||